Mal's Walk the Border of Russia - Statistics

General Stats
  • This quiz has been taken 148 times
    99 since last reset
  • The average score is 16 of 18
Answer Stats
Direction Country % Correct
St. Petersburg - NW Finland
100%
N - Norway
96%
NW - China
94%
W - China
94%
N - Estonia
94%
N - Estonia
94%
N - Latvia
94%
W - Mongolia
94%
W - Belarus
93%
NW - Georgia
93%
W - Kazakhstan
93%
S - North Korea
93%
NW - Ukraine
93%
W - Ukraine
93%
S - Azerbaijan
91%
Coast Coast
54%
Coast Coast
54%
Coast Coast
54%
No matching quizzes found
Score Distribution
Percent of People with Each Score
Percentile by Number Answered
Your Score History
You have not taken this quiz since the last reset